| 000 | 00548cam a22002054a 4500 | ||
|---|---|---|---|
| 001 | sa 68015073 | ||
| 003 | DLC | ||
| 005 | 20260227112639.0 | ||
| 008 | 811124s1968 ii 000 1 hino | ||
| 010 | _asa 68015073 | ||
| 040 |
_aDLC _cDLC |
||
| 050 | 0 | 0 |
_aPK2098.22.I7 _bC57 1968 |
| 100 | 1 |
_aKiśora, Girirāja, _d1937- |
|
| 245 | 1 | 0 |
_aCiṛiyāghara / _cGirirāja Kiśora. |
| 250 | _a1. saṃskaraṇa. | ||
| 260 |
_aDillī : _bAkshara Prakāśana Prā. Li., _c1968. |
||
| 300 |
_a160 p. ; _c19 cm. |
||
| 500 | _aNovel. | ||
| 546 | _aIn Hindi. | ||
| 999 |
_c86211 _d86211 |
||